[Event "XXVI Open Citta' di Cologno"]
[Site "Cologno Monzese ITA"]
[Date "2007.10.19"]
[Round "6"]
[White "Borgni, Cristiano"]
[Black "Casartelli, Fabio"]
[Result "1/2-1/2"]
[WhiteElo "1817"]
[BlackElo "1916"]
[PlyCount "84"]
[EventDate "2007.09.14"]

1. d4 Nf6 2. c4 e5 3. dxe5 Ng4 4. Nf3 Nc6 5. h3 Ngxe5 6. Nxe5 Nxe5 7. e3 Bb4+
8. Bd2 Bxd2+ 9. Qxd2 d6 10. Nc3 Be6 11. b3 O-O 12. Be2 Qg5 13. g4 f5 14. h4 Qf6
15. g5 Qe7 16. f4 Ng4 17. h5 Rfe8 18. Bxg4 fxg4 19. O-O-O Bf5 20. h6 a5 21. Qd4
c5 22. Qxg7+ Qxg7 23. hxg7 Rxe3 24. Nd5 Re2 25. Rd2 Rxd2 26. Nf6+ Kxg7 27. Kxd2
a4 28. Kc3 axb3 29. Kxb3 b5 30. Re1 bxc4+ 31. Kxc4 Kf7 32. Kd5 Rxa2 33. Kxd6
Rd2+ 34. Kxc5 g3 35. Nd5 g2 36. Ne3 Re2 37. Nxg2 Rxg2 38. Kd4 Ra2 39. Rc1 Re2
40. Rc6 Be6 41. f5 Rd2+ 42. Ke3 Rd5 1/2-1/2

[Event "XXVI Open Citta' di Cologno"]
[Site "Cologno Monzese ITA"]
[Date "2007.10.19"]
[Round "6"]
[White "Cani, Gazmir"]
[Black "Bernago, Federico"]
[Result "1/2-1/2"]
[WhiteElo "1452"]
[BlackElo "1994"]
[PlyCount "68"]
[EventDate "2007.09.14"]

1. b3 e5 2. Bb2 Nc6 3. c4 Nf6 4. e3 d6 5. d3 g6 6. Nc3 Bg7 7. a3 a5 8. Qc2 O-O
9. Nf3 Nh5 10. Be2 f5 11. Nd2 Nf6 12. Nd5 Be6 13. Bf3 Qd7 14. Nxf6+ Bxf6 15. h4
h6 16. Bd5 Qf7 17. Bxe6 Qxe6 18. O-O-O Rfd8 19. g4 fxg4 20. d4 Qf5 21. d5 Qxc2+
22. Kxc2 Ne7 23. h5 g5 24. Rdg1 Rf8 25. Rxg4 Bg7 26. Rh2 Nf5 27. Ne4 Ne7 28.
Rhg2 Nf5 29. Bc1 Rf7 30. Kd3 Kf8 31. Nxg5 hxg5 32. Rxg5 e4+ 33. Kxe4 Re8+ 34.
Kd3 Bh6 1/2-1/2

[Event "XXVI Open Citta' di Cologno"]
[Site "Cologno Monzese ITA"]
[Date "2007.10.19"]
[Round "6"]
[White "Cartella, Giovanni"]
[Black "Petetta, Roberto"]
[Result "1-0"]
[WhiteElo "1868"]
[BlackElo "1685"]
[PlyCount "65"]
[EventDate "2007.09.14"]

1. d4 d5 2. Nf3 Nf6 3. Bg5 e6 4. e3 Be7 5. Nbd2 Nbd7 6. Bd3 O-O 7. Ne5 Nxe5 8.
dxe5 Nd7 9. Bf4 f6 10. Qh5 f5 11. g4 g6 12. Qh3 Rf7 13. gxf5 exf5 14. e6 Rg7
15. exd7 Bxd7 16. Rg1 Bf6 17. O-O-O c5 18. Bh6 Rf7 19. c3 b5 20. Bxf5 Bxf5 21.
Qxf5 Bg7 22. Qh3 Bh8 23. Qe6 b4 24. cxb4 cxb4 25. Nb3 Qh4 26. Bf4 Qxf2 27. Nd2
Rd8 28. Rgf1 Bxb2+ 29. Kxb2 Qh4 30. Bd6 Rdd7 31. Rxf7 Rxf7 32. Qe8+ Kg7 33.
Be5+ 1-0

[Event "XXVI Open Citta' di Cologno"]
[Site "Cologno Monzese ITA"]
[Date "2007.10.19"]
[Round "6"]
[White "Merlini, Luigi"]
[Black "Galli, Giuliano"]
[Result "0-1"]
[WhiteElo "1486"]
[BlackElo "1463"]
[PlyCount "71"]
[EventDate "2007.09.14"]

1. e4 e6 2. d4 d5 3. exd5 exd5 4. Nf3 c6 5. Bd3 Nf6 6. h3 h6 7. O-O Be7 8. Nc3
O-O 9. Bf4 Be6 10. Ne2 Bd6 11. Qd2 Qc7 12. Bxh6 Nh5 13. Bxg7 Bf4 14. Nxf4 Nxf4
15. Bxf8 Kxf8 16. Ne5 Nxd3 17. Qh6+ Ke7 18. cxd3 Nd7 19. Qf4 Nxe5 20. dxe5 Rg8
21. Kh1 Qc8 22. Rae1 Rg6 23. Qh4+ Kd7 24. f4 Kc7 25. Qe7+ Kb6 26. Rf3 d4 27.
Qb4+ Kc7 28. Qxd4 Bd5 29. Rf2 Qg8 30. Ree2 Rg3 31. Kh2 b6 32. Rc2 Kb7 33. f5
Qg5 34. Qf4 Rxg2+ 35. Rxg2 Qxf4+ 36. Kh1 0-1

[Event "XXXVII Corsicoscacchi B"]
[Site "Corsico ITA"]
[Date "2007.10.12"]
[Round "1"]
[White "Megli, Massimo"]
[Black "Favoni, Matteo"]
[Result "1/2-1/2"]
[WhiteElo "1711"]
[BlackElo "1881"]
[PlyCount "85"]
[EventDate "2007.10.12"]

1. e4 c5 2. Nf3 d6 3. d4 cxd4 4. Nxd4 Nf6 5. Nc3 a6 6. Be2 e5 7. Nb3 Be7 8. O-O
O-O 9. a4 Be6 10. a5 Nbd7 11. Be3 Rc8 12. f3 Qc7 13. g4 Rfd8 14. Rc1 Nc5 15.
Nd5 Bxd5 16. exd5 Nxb3 17. Bb6 Nxc1 18. Bxc7 Nxe2+ 19. Qxe2 Rxc7 20. f4 Nxd5
21. fxe5 dxe5 22. c4 Ne3 23. Rc1 Rd4 24. Qxe3 Bc5 25. Kh1 f6 26. Qe2 Rcd7 27.
g5 Rd2 28. Qh5 g6 29. Qh3 f5 30. Qc3 Re2 31. Re1 Bd4 32. Qb4 Rxe1+ 33. Qxe1
Bxb2 34. Qb4 Bd4 35. Qa4 Rd8 36. Qb3 e4 37. c5+ Kf8 38. Qxb7 Bxc5 39. Qxh7 Rd1+
40. Kg2 Rg1+ 41. Kh3 Be7 42. Qxg6 Rxg5 43. Qh6+ 1/2-1/2

[Event "XXXVII Corsicoscacchi B"]
[Site "Corsico ITA"]
[Date "2007.10.13"]
[Round "2"]
[White "Favoni, Matteo"]
[Black "Priaro, Maurizio"]
[Result "1-0"]
[WhiteElo "1881"]
[BlackElo "1655"]
[PlyCount "63"]
[EventDate "2007.10.12"]

1. d4 h5 2. e4 h4 3. Nf3 d6 4. h3 Nf6 5. Nc3 g6 6. Bc4 Bh6 7. Bxh6 Rxh6 8. Qd2
Rh5 9. O-O-O e6 10. Bb3 b6 11. e5 Nh7 12. d5 Ng5 13. Nxg5 Qxg5 14. exd6 Qxd2+
15. Rxd2 cxd6 16. dxe6 Bxe6 17. Nd5 Bxd5 18. Bxd5 Rxd5 19. Rxd5 Na6 20. Rxd6
Kf8 21. Rhd1 Kg7 22. Rd8 Rxd8 23. Rxd8 Nc5 24. Ra8 a6 25. b4 Ne4 26. Rxa6 Nxf2
27. Rxb6 Ne4 28. a4 g5 29. a5 f5 30. a6 Nc3 31. a7 Nd5 32. Rb7+ 1-0

[Event "XXXVII Corsicoscacchi B"]
[Site "Corsico ITA"]
[Date "2007.10.13"]
[Round "3"]
[White "Gazzetta, Marco"]
[Black "Favoni, Matteo"]
[Result "0-1"]
[WhiteElo "1789"]
[BlackElo "1881"]
[PlyCount "66"]
[EventDate "2007.10.12"]

1. e4 c5 2. Nc3 d6 3. g3 Nc6 4. Bg2 g6 5. d3 Bg7 6. h3 e6 7. Nge2 Nge7 8. Be3
O-O 9. O-O Nd4 10. Qd2 f5 11. Bg5 Qe8 12. Nxd4 cxd4 13. Ne2 Nc6 14. Bh6 Bd7 15.
Bxg7 Kxg7 16. exf5 Rxf5 17. Bxc6 bxc6 18. Nxd4 Rd5 19. Ne2 Qf7 20. Nc3 Rh5 21.
Ne4 e5 22. h4 Bh3 23. Qe3 Bxf1 24. Kxf1 Qd7 25. d4 Re8 26. Rd1 d5 27. Ng5 e4
28. Kg2 h6 29. Nh3 Qg4 30. Rf1 Rxh4 31. Nf4 g5 32. f3 exf3+ 33. Qxf3 gxf4 0-1

[Event "XXXVII Corsicoscacchi B"]
[Site "Corsico ITA"]
[Date "2007.10.14"]
[Round "5"]
[White "Crippa, Oscar"]
[Black "Favoni, Matteo"]
[Result "1/2-1/2"]
[WhiteElo "1727"]
[BlackElo "1881"]
[PlyCount "43"]
[EventDate "2007.10.12"]

1. e4 c5 2. Nf3 d6 3. d3 Nc6 4. Nc3 g6 5. Be3 Bg7 6. Qd2 Nd4 7. h3 e6 8. Nh2
Ne7 9. g3 Nec6 10. a3 Qb6 11. Rb1 O-O 12. Bg2 f5 13. O-O fxe4 14. Nxe4 Nf5 15.
c3 Ne5 16. b4 Nxe3 17. fxe3 Rxf1+ 18. Rxf1 cxb4 19. cxb4 Bd7 20. Nf6+ Kh8 21.
Nxd7 Nxd7 22. Ng4 1/2-1/2

[Event "C.to Regionale Sicilia"]
[Site "Palermo ITA"]
[Date "2007.06.02"]
[Round "4"]
[White "Tirrito, Luca"]
[Black "Bentivegna, Francesco"]
[Result "0-1"]
[WhiteElo "2076"]
[BlackElo "2287"]
[PlyCount "42"]
[EventDate "2007.05.31"]

1. e4 c6 2. d4 d5 3. e5 c5 4. dxc5 e6 5. Be3 Nh6 6. Bxh6 gxh6 7. Qd4 Nd7 8. b4
a5 9. c3 axb4 10. cxb4 Bg7 11. f4 O-O 12. Bb5 f6 13. Bxd7 fxe5 14. fxe5 Qg5 15.
Nf3 Rxf3 16. gxf3 Bxe5 17. h4 Bxd4 18. Bxe6+ Bxe6 19. hxg5 Bxa1 20. Rxh6 Bf5
21. Nd2 Bc3 0-1

[Event "XV Open Nicolo' La Rosa"]
[Site "Mazara del Vallo ITA"]
[Date "2007.08.10"]
[Round "1"]
[White "Alcide, Fabio"]
[Black "Nobile, Angelo"]
[Result "1-0"]
[WhiteElo "1595"]
[BlackElo "1413"]
[PlyCount "63"]
[EventDate "2007.08.10"]

1. e4 e6 2. d4 d5 3. exd5 exd5 4. Bd3 Nc6 5. Ne2 Nge7 6. O-O Bf5 7. Bf4 g6 8.
c3 Bg7 9. Re1 O-O 10. Ng3 Bxd3 11. Qxd3 Qd7 12. Nd2 Rfe8 13. Re2 Qg4 14. Bxc7
Bh6 15. Rae1 Bxd2 16. Qxd2 Rec8 17. Bd6 Nf5 18. Nxf5 Qxf5 19. Re3 Qd7 20. Bf4
Kf8 21. Bh6+ Kg8 22. Rf3 Ne7 23. Qf4 Nf5 24. Bg5 h6 25. Bxh6 Nxh6 26. Qxh6 Qg4
27. h3 Qd7 28. Rfe3 Re8 29. Qg5 Kf8 30. Qf6 Rxe3 31. Rxe3 Re8 32. Qh8# 1-0

[Event "XV Open Nicolo' La Rosa"]
[Site "Mazara del Vallo ITA"]
[Date "2007.08.10"]
[Round "1"]
[White "Cassia, Giuseppe"]
[Black "Colicchia, Vincenzo"]
[Result "1-0"]
[WhiteElo "1484"]
[BlackElo "1835"]
[PlyCount "105"]
[EventDate "2007.08.10"]

1. d4 Nf6 2. c4 e6 3. Nc3 d5 4. Nf3 Bb4 5. Qa4+ Nc6 6. Ne5 Bxc3+ 7. bxc3 Bd7 8.
Nxd7 Qxd7 9. cxd5 Nxd5 10. Bb2 O-O 11. e3 a6 12. Bd3 f5 13. a3 Rf6 14. c4 Nb6
15. Qc2 Rg6 16. g3 Rf8 17. O-O-O Rc8 18. d5 Ne7 19. dxe6 Qxe6 20. c5 Nbd5 21.
e4 fxe4 22. Bxe4 Rh6 23. Rhe1 Qc6 24. Qc4 Rd8 25. Bxh7+ Kxh7 26. Rxe7 Nxe7 27.
Rxd8 Rxh2 28. Qc2+ Ng6 29. Qf5 Qb5 30. Rd2 Qc4+ 31. Qc2 Rh1+ 32. Rd1 Rxd1+ 33.
Kxd1 Qf1+ 34. Kd2 Qxf2+ 35. Kc1 Qxg3 36. Qf5 Qf4+ 37. Qxf4 Nxf4 38. Kd2 g5 39.
Be5 Nd5 40. Kd3 Kg6 41. Kd4 c6 42. Ke4 Kh5 43. Kf3 Kh4 44. Bd4 Kh3 45. Ke2 g4
46. Kd1 Kg2 47. Kc2 g3 48. Kb3 Kf1 49. Ka4 g2 50. Ka5 g1=Q 51. Bxg1 Kxg1 52. a4
Nb6 53. Kxb6 1-0

[Event "XV Open Nicolo' La Rosa"]
[Site "Mazara del Vallo ITA"]
[Date "2007.08.10"]
[Round "1"]
[White "Cerami, Giuseppe"]
[Black "Sgarito, Lino"]
[Result "0-1"]
[WhiteElo "1781"]
[BlackElo "1464"]
[PlyCount "114"]
[EventDate "2007.08.10"]

1. b4 Nf6 2. Bb2 a6 3. a4 d5 4. e3 Bd7 5. c4 c6 6. c5 Qc7 7. Nf3 Bg4 8. h3 Bh5
9. Be2 Nbd7 10. d4 e6 11. Nbd2 Be7 12. a5 O-O 13. Bd3 Bg6 14. Be2 h6 15. O-O
Bh7 16. Nh2 Ne4 17. Nxe4 Bxe4 18. Bd3 Nf6 19. Be2 Bh7 20. Bc3 Ne4 21. Be1 f5
22. f3 Ng3 23. Bxg3 Qxg3 24. Qe1 Bh4 25. Qxg3 Bxg3 26. f4 g5 27. Rf3 gxf4 28.
Nf1 Bh4 29. g3 fxg3 30. Nxg3 Bg6 31. Kh2 Kh7 32. Rg1 Rg8 33. Rf2 Bg5 34. Nf1
Raf8 35. Bd3 f4 36. Bxg6+ Rxg6 37. exf4 Rxf4 38. Rxf4 Bxf4+ 39. Kh1 Rf6 40. Nh2
h5 41. Nf3 Be3 42. Rf1 Kh6 43. Kg2 Rg6+ 44. Kh2 Bf4+ 45. Kh1 Rg3 46. Ng1 Be3
47. Kh2 Rxg1 48. Rxg1 Bxg1+ 49. Kxg1 Kg5 50. Kg2 Kf4 51. Kf2 Ke4 52. Kg3 Kxd4
53. Kh4 Kc4 54. Kxh5 d4 55. Kg4 d3 56. Kf3 Kc3 57. h4 Kc2 0-1

[Event "XV Open Nicolo' La Rosa"]
[Site "Mazara del Vallo ITA"]
[Date "2007.08.10"]
[Round "1"]
[White "Croci, Roberto"]
[Black "Messina, Marco"]
[Result "0-1"]
[WhiteElo "1562"]
[BlackElo "2051"]
[PlyCount "86"]
[EventDate "2007.08.10"]

1. Nf3 Nf6 2. d4 d5 3. c4 c6 4. Nc3 dxc4 5. e4 b5 6. Ne5 e6 7. Be3 Bb7 8. Rc1
Bb4 9. Qf3 O-O 10. Be2 c5 11. dxc5 Bxe4 12. Qg3 Nbd7 13. Bh6 Bg6 14. Nxd7 Qxd7
15. h4 gxh6 16. h5 Ne4 17. Qf4 Rad8 18. hxg6 Qd2+ 19. Qxd2 Nxd2 20. gxf7+ Rxf7
21. Rxh6 Ne4 22. Bf3 Nxc5 23. Kf1 Bxc3 24. Rxc3 Rd2 25. b4 Nd3 26. a3 e5 27.
Bd5 Kg7 28. Bxf7 Kxh6 29. f3 Kg5 30. a4 Nb2 31. Ke1 Rd3 32. Rxd3 cxd3 33. a5
Kf4 34. Kd2 e4 35. fxe4 Kxe4 36. Be8 Nc4+ 37. Kd1 Ke3 38. Bh5 Kd4 39. Be8 Kc3
40. Bxb5 Nb2+ 41. Kc1 d2+ 42. Kb1 d1=Q+ 43. Ka2 Nd3 0-1

[Event "XV Open Nicolo' La Rosa"]
[Site "Mazara del Vallo ITA"]
[Date "2007.08.10"]
[Round "1"]
[White "Di Misa, Salvatore"]
[Black "Fiducioso, Marco"]
[Result "0-1"]
[WhiteElo "1548"]
[BlackElo "2019"]
[PlyCount "66"]
[EventDate "2007.08.10"]

1. d4 d5 2. c4 c6 3. Nc3 Nf6 4. Nf3 e6 5. Bg5 dxc4 6. e4 b5 7. e5 h6 8. Bh4 g5
9. Nxg5 hxg5 10. Bxg5 Nbd7 11. exf6 Bb7 12. g3 c5 13. d5 Qb6 14. Bg2 O-O-O 15.
O-O b4 16. Na4 Qa6 17. a3 Bxd5 18. Bxd5 Ne5 19. axb4 Rxd5 20. Qe2 cxb4 21. Bf4
Nd3 22. Be3 Qb7 23. Nc3 bxc3 24. Rxa7 Qxb2 25. Ra8+ Kb7 26. Ra7+ Kb8 27. Qg4
Bc5 28. Bxc5 Rxc5 29. Rxf7 Ne5 30. Qxe6 Nxf7 31. Qxf7 c2 32. Qg7 c1=Q 33. Qxh8+
Rc8 0-1

[Event "XV Open Nicolo' La Rosa"]
[Site "Mazara del Vallo ITA"]
[Date "2007.08.10"]
[Round "1"]
[White "Di Misa, Serafino"]
[Black "Palazzotto, Giuseppe"]
[Result "0-1"]
[WhiteElo "1491"]
[BlackElo "1887"]
[PlyCount "120"]
[EventDate "2007.08.10"]

1. e4 c5 2. c3 d5 3. exd5 Qxd5 4. d4 Nc6 5. Nf3 cxd4 6. cxd4 e5 7. Nc3 Bb4 8.
Bd2 Bxc3 9. Bxc3 e4 10. Ne5 Nxe5 11. dxe5 Ne7 12. Qxd5 Nxd5 13. Bb5+ Bd7 14.
Bxd7+ Kxd7 15. Rd1 Ke6 16. Bd4 Rhd8 17. a3 Nf4 18. O-O Ne2+ 19. Kh1 Nxd4 20.
Rde1 Rd5 21. Rxe4 Kf5 22. f3 Rad8 23. g4+ Ke6 24. f4 f5 25. exf6+ Kxf6 26. g5+
Kf5 27. Re7 R8d7 28. Re8 Ne6 29. Re1 Nc7 30. Rf8+ Kg6 31. Rf1 Rd1 32. Rxd1
Rxd1+ 33. Kg2 Rd2+ 34. Kg3 Rxb2 35. f5+ Kxg5 36. h4+ Kh6 37. Rf7 Rc2 38. Rd7
Rc3+ 39. Kg4 Rc4+ 40. Kg3 a6 41. Rd3 Nb5 42. Rd7 Rc3+ 43. Kg4 Rxa3 44. Rxb7
Ra4+ 45. Kg3 Nd4 46. Kg4 Nc2+ 47. Kg3 Ne3 48. Rf7 Ra5 49. f6 gxf6 50. Rxf6+ Kg7
51. Re6 Nf5+ 52. Kg4 h5+ 53. Kf4 Nxh4 54. Re7+ Kf6 55. Ra7 Ng6+ 56. Kg3 Ra3+
57. Kg2 h4 58. Rc7 Ra2+ 59. Kh3 a5 60. Rc6+ Kg5 0-1

[Event "XV Open Nicolo' La Rosa"]
[Site "Mazara del Vallo ITA"]
[Date "2007.08.10"]
[Round "1"]
[White "Ferrante, Filippo"]
[Black "Bocci, Alessandro"]
[Result "0-1"]
[WhiteElo "1514"]
[BlackElo "1929"]
[PlyCount "144"]
[EventDate "2007.08.10"]

1. Nf3 Nf6 2. g3 g6 3. Bg2 Bg7 4. O-O d6 5. d3 O-O 6. Nbd2 e5 7. e4 Nc6 8. c3
Ne8 9. Re1 f5 10. Nf1 Kh8 11. Ng5 f4 12. h4 h6 13. Nh3 f3 14. Bxf3 Bxh3 15. Bg4
Bxg4 16. Qxg4 Qf6 17. Be3 Qf7 18. Nd2 Nf6 19. Qe2 Qe6 20. Kg2 Ng4 21. Nc4 d5
22. Nd2 d4 23. cxd4 exd4 24. Bf4 Be5 25. Bxe5+ Ncxe5 26. f4 Ne3+ 27. Kg1 N5g4
28. Nb3 Qd6 29. Rac1 b6 30. Nd2 c5 31. Nc4 Nxc4 32. Rxc4 Ne3 33. Rcc1 Qe6 34.
Kh2 Qxa2 35. Ra1 Qe6 36. Ra6 Qg4 37. Qxg4 Nxg4+ 38. Kg2 Ne3+ 39. Kf3 Nc2 40.
Re2 Nb4 41. Ra3 Kg7 42. e5 Kf7 43. Ke4 Ke6 44. Ra1 a5 45. Rf1 Nd5 46. Ref2 Ne3
47. Re1 Rf7 48. Rf3 a4 49. Ra1 h5 50. b3 a3 51. Rf2 Nd5 52. Rc2 Nc3+ 53. Kf3 a2
54. Rb2 Ra5 55. Kf2 Nd1+ 56. Rxd1 a1=Q 57. Rxa1 Rxa1 58. b4 Rfa7 59. Kf3 Kd5
60. bxc5 Kxc5 61. Re2 R1a2 62. Re1 Rc2 63. e6 Re7 64. Re5+ Kd6 65. Rb5 Rxe6 66.
Rxb6+ Kd5 67. Rxe6 Kxe6 68. Ke4 Rg2 69. Kxd4 Rxg3 70. Ke4 Rh3 71. d4 Rxh4 72.
d5+ Kd6 0-1

[Event "XV Open Nicolo' La Rosa"]
[Site "Mazara del Vallo ITA"]
[Date "2007.08.10"]
[Round "1"]
[White "Iracani, Michele"]
[Black "Meo, Antonino"]
[Result "1-0"]
[WhiteElo "1615"]
[BlackElo "1434"]
[PlyCount "53"]
[EventDate "2007.08.10"]

1. e4 e5 2. d4 c6 3. Nf3 d6 4. dxe5 Bg4 5. exd6 Bxf3 6. Qxf3 Qxd6 7. Bc4 Nd7 8.
Bxf7+ Kd8 9. O-O Ne5 10. Qe2 Nxf7 11. Rd1 Qxd1+ 12. Qxd1+ Bd6 13. Bf4 Kc7 14.
Qd2 b6 15. Bxd6+ Nxd6 16. Qc3 Nxe4 17. Qxg7+ Kd6 18. Qxh8 Re8 19. Qd4+ Kc7 20.
Nc3 Ngf6 21. Nxe4 Nxe4 22. Re1 Rd8 23. Qxe4 Kc8 24. Qxh7 c5 25. Qxa7 b5 26.
Qa8+ Kc7 27. Re7+ 1-0

[Event "XV Open Nicolo' La Rosa"]
[Site "Mazara del Vallo ITA"]
[Date "2007.08.10"]
[Round "1"]
[White "La Bella, Alessio"]
[Black "Morello, Guido"]
[Result "1/2-1/2"]
[WhiteElo "1452"]
[BlackElo "1752"]
[PlyCount "37"]
[EventDate "2007.08.10"]

1. e4 c5 2. d3 Nc6 3. Nf3 d6 4. g3 g6 5. Bg2 Bg7 6. O-O Bg4 7. h3 Bd7 8. c3 Nf6
9. Re1 O-O 10. d4 cxd4 11. cxd4 e5 12. d5 Ne7 13. h4 Nh5 14. Ng5 h6 15. Nh3 Qc8
16. Kh2 f5 17. exf5 Bxf5 18. Nc3 Nf6 19. f3 1/2-1/2

[Event "XV Open Nicolo' La Rosa"]
[Site "Mazara del Vallo ITA"]
[Date "2007.08.10"]
[Round "1"]
[White "La Bella, Massimiliano"]
[Black "Castelli, Giovanni J."]
[Result "0-1"]
[WhiteElo "1826"]
[BlackElo "1476"]
[PlyCount "22"]
[EventDate "2007.08.10"]

1. d4 Nf6 2. Nf3 g6 3. c4 d5 4. Nc3 Bg7 5. cxd5 Nxd5 6. e4 Nxc3 7. bxc3 c5 8.
Bb5+ Bd7 9. Bc4 O-O 10. O-O Nc6 11. Be3 11... Qa5 {phone default} 0-1

[Event "XV Open Nicolo' La Rosa"]
[Site "Mazara del Vallo ITA"]
[Date "2007.08.10"]
[Round "1"]
[White "La Bella, Roberto"]
[Black "Salvato, Angela"]
[Result "1-0"]
[WhiteElo "2075"]
[BlackElo "1569"]
[PlyCount "41"]
[EventDate "2007.08.10"]

1. e4 e5 2. Nf3 Nc6 3. Bc4 Bc5 4. c3 Nf6 5. d4 Bd6 6. O-O O-O 7. Re1 Ng4 8. Ng5
Qe7 9. Qxg4 exd4 10. Bd2 Ne5 11. Qf5 g6 12. Qh3 h5 13. Bb3 Bc5 14. Nf3 d6 15.
Qg3 Nd3 16. Qxg6+ Kh8 17. Qxh5+ Kg7 18. Bh6+ Kh7 19. Bxf8+ Kg8 20. Qg6+ Kh8 21.
Qg7# 1-0

[Event "XV Open Nicolo' La Rosa"]
[Site "Mazara del Vallo ITA"]
[Date "2007.08.10"]
[Round "1"]
[White "Lo Duca, Francesco"]
[Black "Montalto, Antonio"]
[Result "0-1"]
[WhiteElo "1467"]
[BlackElo "1814"]
[PlyCount "50"]
[EventDate "2007.08.10"]

1. e4 e5 2. d3 Nc6 3. Nf3 Bc5 4. Be2 d6 5. O-O Nge7 6. Nc3 O-O 7. Bg5 Be6 8.
Nh4 f6 9. Bd2 Nd4 10. Be3 f5 11. f4 Nec6 12. Nf3 Nxc2 13. Qxc2 Bxe3+ 14. Kh1
Bxf4 15. g3 Be3 16. Nb5 fxe4 17. dxe4 a6 18. Nc3 Bh3 19. Rfd1 Nd4 20. Qd3 Bf2
21. Nxd4 Bxd4 22. Bf1 Bg4 23. Rdc1 Rf2 24. Rc2 Bf3+ 25. Kg1 Rxc2+ 0-1

[Event "XV Open Nicolo' La Rosa"]
[Site "Mazara del Vallo ITA"]
[Date "2007.08.10"]
[Round "1"]
[White "Marino, Davide"]
[Black "Carbone, Leonardo"]
[Result "1-0"]
[WhiteElo "1583"]
[BlackElo "1355"]
[PlyCount "89"]
[EventDate "2007.08.10"]

1. e4 e5 2. Nf3 Nc6 3. Bc4 Nh6 4. d3 d6 5. Nc3 Be7 6. O-O O-O 7. Bxh6 gxh6 8.
Qd2 Bg5 9. Nxg5 hxg5 10. Rfe1 Nd4 11. Re3 Ne6 12. Rg3 Kh8 13. Bxe6 Bxe6 14. d4
f6 15. dxe5 dxe5 16. Qxd8 Raxd8 17. Nb5 Bc4 18. Nxc7 Rd6 19. Rc3 Be2 20. h3
Rfd8 21. Nd5 Kg7 22. Rc7+ R8d7 23. Rxd7+ Rxd7 24. b3 Kg6 25. f3 f5 26. exf5+
Kxf5 27. Ne3+ Kf4 28. Kf2 e4 29. g3+ Ke5 30. Ng4+ Kd4 31. Kxe2 Rf7 32. Rd1+ Kc3
33. fxe4 Re7 34. Rd3+ Kxc2 35. Ne3+ Kb1 36. Rd2 Rxe4 37. Rd7 h6 38. Rxb7 Kxa2
39. Rxa7+ Kxb3 40. Kd3 Re5 41. Rb7+ Ka3 42. Nc4+ Ka4 43. Nxe5 Ka5 44. Kc4 Ka6
45. Rb1 1-0

[Event "XV Open Nicolo' La Rosa"]
[Site "Mazara del Vallo ITA"]
[Date "2007.08.10"]
[Round "1"]
[White "Messina, Damiano"]
[Black "Imburgia, Giuseppe"]
[Result "1-0"]
[WhiteElo "2033"]
[BlackElo "1557"]
[PlyCount "46"]
[EventDate "2007.08.10"]

1. e4 e5 2. Nf3 Nc6 3. Bc4 Bc5 4. c3 Nf6 5. d4 exd4 6. e5 Ng4 7. cxd4 Bb4+ 8.
Nc3 d5 9. Bd3 Be6 10. O-O Qd7 11. Ne2 O-O-O 12. a3 Be7 13. b4 h5 14. Qa4 a6 15.
Bd2 Na7 16. Qb3 Bf5 17. a4 Be4 18. Ne1 Bxd3 19. Qxd3 f6 20. h3 Nh6 21. f4 Rdf8
22. b5 axb5 23. axb5 Qxb5 1-0

[Event "XV Open Nicolo' La Rosa"]
[Site "Mazara del Vallo ITA"]
[Date "2007.08.10"]
[Round "1"]
[White "Pellegrino, Giuseppe"]
[Black "D'Angelo, Giovanni"]
[Result "1-0"]
[WhiteElo "1739"]
[BlackElo "1440"]
[PlyCount "96"]
[EventDate "2007.08.10"]

1. b3 e5 2. Bb2 d6 3. e3 f5 4. g3 Nf6 5. Bg2 g6 6. Ne2 Bg7 7. Nbc3 O-O 8. Nd5
c6 9. Nxf6+ Bxf6 10. f4 e4 11. Bxf6 Qxf6 12. Nd4 Na6 13. c3 Nc5 14. Bf1 Ne6 15.
h4 Nxd4 16. cxd4 c5 17. Bc4+ Be6 18. Bxe6+ Qxe6 19. dxc5 dxc5 20. Rc1 b6 21.
Qe2 Rad8 22. Qc4 Qxc4 23. Rxc4 Rd3 24. Ke2 Rfd8 25. Rc2 Kg7 26. h5 R8d6 27. h6+
Kf6 28. Rg1 Ke6 29. g4 Kd5 30. g5 Kc6 31. b4 Kb5 32. bxc5 bxc5 33. Rb1+ Ka4 34.
Rb7 Rd7 35. Rxd7 Rxd7 36. Rxc5 Ka3 37. Rc8 Kxa2 38. Rg8 a5 39. Rg7 Rd8 40. Rxh7
a4 41. Rg7 a3 42. Rxg6 Kb2 43. Rb6+ Kc2 44. Rc6+ Kb2 45. g6 a2 46. Ra6 Rd6 47.
Rxa2+ Kxa2 48. h7 Rxg6 1-0

[Event "XV Open Nicolo' La Rosa"]
[Site "Mazara del Vallo ITA"]
[Date "2007.08.10"]
[Round "1"]
[White "Piazza, Massimiliano"]
[Black "Oddo, Salvatore"]
[Result "1-0"]
[WhiteElo "1428"]
[BlackElo "1601"]
[PlyCount "89"]
[EventDate "2007.08.10"]

1. d4 Nf6 2. c4 g6 3. Nc3 Bg7 4. e4 d6 5. f3 O-O 6. Be3 Nfd7 7. g4 c5 8. d5 Re8
9. Qd2 Ne5 10. O-O-O b6 11. h4 f6 12. g5 Nf7 13. h5 e6 14. hxg6 hxg6 15. gxf6
Qxf6 16. Bh3 Ne5 17. Qe2 Na6 18. a4 Nc7 19. dxe6 Ba6 20. Qg2 Bxc4 21. Bg5 Qf8
22. e7 Qf7 23. Rxd6 Nd3+ 24. Kb1 Nf4 25. Qd2 Nce6 26. Bxf4 Qxe7 27. Bxe6+ Bxe6
28. Nh3 Rad8 29. Ng5 Bxc3 30. bxc3 Rxd6 31. Qxd6 Qxd6 32. Bxd6 Bc4 33. e5 Bd3+
34. Kc1 c4 35. Ne4 Bxe4 36. fxe4 Kg7 37. Kd2 Kf7 38. Ke3 b5 39. Kf4 Rg8 40.
Rh7+ Rg7 41. e6+ Kg8 42. Rxg7+ Kxg7 43. Kg5 a5 44. Be7 b4 45. cxb4 1-0

[Event "XV Open Nicolo' La Rosa"]
[Site "Mazara del Vallo ITA"]
[Date "2007.08.10"]
[Round "1"]
[White "Pipitone, Andrea"]
[Black "Bonanno, Giuseppe"]
[Result "0-1"]
[WhiteElo "1254"]
[BlackElo "1569"]
[PlyCount "74"]
[EventDate "2007.08.10"]

1. e4 c6 2. b4 d5 3. e5 e6 4. Ba3 Nd7 5. Nf3 Nh6 6. Bd3 g6 7. b5 Bxa3 8. Nxa3
Qe7 9. Qc1 O-O 10. O-O Qc5 11. c3 Re8 12. Bc2 Ng4 13. d4 Qf8 14. Qg5 f5 15. Qh4
Qxa3 16. Ng5 Nf8 17. f3 Ne3 18. Rfc1 Nxc2 19. Rxc2 Qa4 20. Rcc1 cxb5 21. g4 Bd7
22. gxf5 exf5 23. Qh6 Rac8 24. h4 Rxc3 25. h5 Rxc1+ 26. Rxc1 Qxd4+ 27. Kf1 gxh5
28. Qf6 Qxe5 29. Qf7+ Kh8 30. Kf2 Qe3+ 31. Kg2 Qxg5+ 32. Kf2 Qxc1 33. Qxd7 Nxd7
34. Kg3 Qg5+ 35. Kf2 Qh4+ 36. Kg2 Re2+ 37. Kf1 Qf2# 0-1

[Event "XV Open Nicolo' La Rosa"]
[Site "Mazara del Vallo ITA"]
[Date "2007.08.10"]
[Round "1"]
[White "Pipitone, Claudio"]
[Black "La Spada, Giorgia"]
[Result "1-0"]
[WhiteElo "1646"]
[BlackElo "1440"]
[PlyCount "63"]
[EventDate "2007.08.10"]

1. d4 d5 2. c4 e6 3. Nc3 Nc6 4. Nf3 Nf6 5. Bg5 Be7 6. e3 h6 7. Bh4 O-O 8. Bd3
Kh8 9. O-O Nb4 10. Bb1 Bd6 11. cxd5 exd5 12. a3 Na6 13. e4 dxe4 14. Nxe4 Nxe4
15. Bxd8 Rxd8 16. Bxe4 Bg4 17. Bxb7 Rab8 18. Bxa6 Rd7 19. b4 Re8 20. Qb3 Rde7
21. Ne5 Be6 22. Bc4 Bf5 23. Nxf7+ Rxf7 24. Bxf7 Be6 25. Bxe6 Rxe6 26. Qxe6 Bf8
27. Rfe1 a6 28. Qg6 Kg8 29. Re8 c6 30. Rae1 h5 31. Rxf8+ Kxf8 32. Re8# 1-0

[Event "XV Open Nicolo' La Rosa"]
[Site "Mazara del Vallo ITA"]
[Date "2007.08.10"]
[Round "1"]
[White "Profera, Bruno"]
[Black "Di Dia, Benedetto"]
[Result "0-1"]
[WhiteElo "1380"]
[BlackElo "1584"]
[PlyCount "62"]
[EventDate "2007.08.10"]

1. e4 e5 2. Nf3 Nc6 3. Nc3 Bc5 4. Bb5 Nge7 5. Nd5 a6 6. Nxe7 Qxe7 7. Bxc6 dxc6
8. O-O O-O 9. b3 Bg4 10. h3 Bxf3 11. Qxf3 Qe6 12. a4 f5 13. Qc3 Bd4 14. Qc4
Qxc4 15. bxc4 Bxa1 16. Ba3 Rf7 17. Rxa1 fxe4 18. Re1 b5 19. Rxe4 Rf4 20. Rxe5
Rxc4 21. axb5 axb5 22. Be7 Re8 23. g4 Kf7 24. Rf5+ Kxe7 25. Re5+ Kd8 26. Rg5 g6
27. h4 Rxc2 28. h5 gxh5 29. Rxh5 Re7 30. f4 Rxd2 31. f5 Re1# 0-1